Instant Leadership (Record no. 22106)

MARC details
000 -LEADER
fixed length control field 00665nam a22002657a 4500
003 - CONTROL NUMBER IDENTIFIER
control field IBSLLIB
005 - DATE AND TIME OF LATEST TRANSACTION
control field 20260512034748.0
008 - FIXED-LENGTH DATA ELEMENTS--GENERAL INFORMATION
fixed length control field 260512b |||||||| |||| 00| 0 eng d
020 ## - INTERNATIONAL STANDARD BOOK NUMBER
International Standard Book Number 8175541113
040 ## - CATALOGING SOURCE
Original cataloging agency IBSLLIB
Language of cataloging English
041 ## - LANGUAGE CODE
Language code of original eng
082 ## - DEWEY DECIMAL CLASSIFICATION NUMBER
Classification number 658.4
Item number BIR
100 ## - MAIN ENTRY--PERSONAL NAME
Personal name Birch , Paul
245 ## - TITLE STATEMENT
Title Instant Leadership
260 ## - PUBLICATION, DISTRIBUTION, ETC. (IMPRINT)
Place of publication, distribution, etc. Delhi :
Name of publisher, distributor, etc. Kogan page
Date of publication, distribution, etc. 2000
300 ## - PHYSICAL DESCRIPTION
Extent 105 p ;
Dimensions 24 cm
505 ## - FORMATTED CONTENTS NOTE
Formatted contents note Leadership
505 ## - FORMATTED CONTENTS NOTE
Formatted contents note Leadership management
505 ## - FORMATTED CONTENTS NOTE
Formatted contents note leadership you and other
505 ## - FORMATTED CONTENTS NOTE
Formatted contents note The exercises
650 ## - SUBJECT ADDED ENTRY--TOPICAL TERM
Topical term or geographic name as entry element Genernal management
653 ## - INDEX TERM--UNCONTROLLED
Uncontrolled term Leadership and management
653 ## - INDEX TERM--UNCONTROLLED
Uncontrolled term Communicating
942 ## - ADDED ENTRY ELEMENTS (KOHA)
Koha item type Lending Book
Holdings
Withdrawn status Lost status Damaged status Not for loan Collection code Permanent Location Current Location Shelving location Date acquired Source of acquisition Inventory number Full call number Barcode Koha item type
        Lending Collection IBSL Library IBSL Library Lending Section 30/04/2026 Donation 10872 658.4 BIR 10872 Lending Book
Copyright © 2024 IBSL Library, All rights reserved.
mail to: library@ibsl.lk | Contact: 0112425735 | Library Address: IBSL Library, 80A, Elvitigala Mawatha, Colombo 008